[Event "Omsk-ch"]
[Site "Omsk"]
[Date "2015.02.17"]
[Round "2"]
[White "Lunga, Oleg"]
[Black "Polyanskiy, Vladislav"]
[Result "1/2-1/2"]
[WhiteElo "1800"]
[BlackElo "1664"]
[PlyCount "46"]
[EventDate "2015.02.16"]
[EventType "swiss"]
[EventRounds "9"]
[EventCountry "RUS"]
[SourceTitle "CBM 165 Extra"]
[Source "ChessBase"]
[SourceDate "2015.04.21"]
[SourceVersion "1"]
[SourceVersionDate "2015.04.21"]
[SourceQuality "1"]

1. e4 e6 2. d4 d5 3. e5 c5 4. c3 Qb6 5. Nf3 Nc6 6. a3 Nh6 7. b4 cxd4 8. cxd4 Nf5 9. Bb2 Bd7 10. Be2 Rc8 11. 0-0 Be7 12. g4 Nh4 13. Nxh4 Bxh4 14. Qd3 Be7 15. Nd2 a6 16. Bc3 Nb8 17. Qh3 Bb5 18. Bxb5+ Qxb5 19. a4 Qb6 20. Rab1 Nc6 21. a5 Qb5 22. Rb2 Na7 23. Rc1 Qd7 1/2-1/2

[Event "Omsk Half op"]
[Site "Omsk"]
[Date "2014.12.07"]
[Round "3"]
[White "Polyanskiy, Vladislav"]
[Black "Patrashov, Edisher"]
[Result "1/2-1/2"]
[WhiteElo "1664"]
[BlackElo "1762"]
[PlyCount "49"]
[EventDate "2014.12.03"]
[EventType "swiss"]
[EventRounds "9"]
[EventCountry "RUS"]
[SourceTitle "EXT 2023"]
[Source "ChessBase"]
[SourceDate "2022.10.05"]
[SourceVersion "1"]
[SourceVersionDate "2022.10.05"]
[SourceQuality "1"]

1. d4 g6 2. c4 Bg7 3. Nc3 d6 4. Nf3 Nc6 5. Bg5 Bg4 6. e3 Nf6 7. Be2 0-0 8. 0-0 Nd7 9. h3 Bxf3 10. Bxf3 h6 11. Bh4 g5 12. Bg3 e5 13. dxe5 Ndxe5 14. Bd5 Na5 15. Bxe5 Bxe5 16. Qd3 Bg7 17. Rfd1 Nc6 18. a3 Qc8 19. Qe4 Re8 20. Qf3 Ne5 21. Qe2 Rb8 22. Rac1 Ng6 23. b4 Bxc3 24. Rxc3 Nf4 25. Qf3 1/2-1/2

[Event "Novokuznetsk SFO-ch U15"]
[Site "Novokuznetsk"]
[Date "2014.11.05"]
[Round "4"]
[White "Polyanskiy, Vladislav"]
[Black "Vasilenok, Anton"]
[Result "0-1"]
[WhiteElo "800"]
[BlackElo "1861"]
[PlyCount "158"]
[EventDate "2014.11.02"]
[EventType "swiss"]
[EventRounds "9"]
[EventCountry "RUS"]
[SourceTitle "CBM 163 Extra"]
[Source "ChessBase"]
[SourceDate "2014.12.23"]
[SourceVersion "1"]
[SourceVersionDate "2014.12.23"]
[SourceQuality "1"]

1. e4 c5 2. Nf3 Nc6 3. c3 e6 4. d4 d5 5. exd5 Qxd5 6. Na3 a6 7. Be3 cxd4 8. Nxd4 Bxa3 9. bxa3 Nf6 10. Nf3 Qa5 11. Qb3 0-0 12. Be2 Bd7 13. 0-0 Rfc8 14. Rac1 Ne7 15. Bd4 Ned5 16. Ne5 Bc6 17. Nxc6 bxc6 18. c4 Nf4 19. Bf3 Qf5 20. Bxf6 Qxf6 21. Rb1 Qg6 22. g3 Nh3+ 23. Kg2 Ng5 24. Rfd1 h6 25. Rd7 Qf5 26. Rb7 Kh7 27. h4 Nxf3 28. Qxf3 Qxf3+ 29. Kxf3 Kg6 30. Rd7 Rd8 31. Rbb7 Rab8 32. Rxd8 Rxd8 33. Ke3 Rd1 34. Rb6 c5 35. Rxa6 Rd4 36. a4 Rxc4 37. Rc6 Rxa4 38. Rxc5 Rxa2 39. Kf3 Ra3+ 40. Kg2 Kf6 41. Rb5 g6 42. Rc5 h5 43. Rc7 e5 44. Rc4 Kf5 45. Rc5 f6 46. Rb5 Rc3 47. Ra5 Rd3 48. Ra4 Rd4 49. Ra5 Rd3 50. Ra4 Ke6 51. Ra6+ Rd6 52. Ra7 e4 53. Ra8 Rd5 54. Ra4 Ke5 55. Ra6 Rd2 56. Ra3 f5 57. Ra6 e3 58. Kf3 exf2 59. Kg2 Re2 60. Ra1 Ke4 61. Ra3 f1Q+ 62. Kxf1 Re3 63. Ra4+ Kf3 64. Ra6 Kxg3 65. Rxg6+ Kxh4 66. Kg2 f4 67. Rf6 Rg3+ 68. Kh2 Kg4 69. Ra6 h4 70. Ra4 h3 71. Ra2 Re3 72. Rb2 Re4 73. Rb8 Re2+ 74. Kh1 Kf3 75. Rb3+ Re3 76. Rb8 Kf2 77. Rf8 f3 78. Rg8 Ke2 79. Ra8 f2 0-1

[Event "Novokuznetsk SFO-ch U15"]
[Site "Novokuznetsk"]
[Date "2014.11.02"]
[Round "1"]
[White "Drachev, Nikita"]
[Black "Polyanskiy, Vladislav"]
[Result "1-0"]
[WhiteElo "1834"]
[BlackElo "800"]
[PlyCount "69"]
[EventDate "2014.11.02"]
[EventType "swiss"]
[EventRounds "9"]
[EventCountry "RUS"]
[SourceTitle "CBM 163 Extra"]
[Source "ChessBase"]
[SourceDate "2014.12.23"]
[SourceVersion "1"]
[SourceVersionDate "2014.12.23"]
[SourceQuality "1"]

1. d4 Nf6 2. Nf3 e6 3. c4 c5 4. d5 d6 5. Nc3 exd5 6. cxd5 g6 7. Bg5 Bg7 8. e4 0-0 9. Bd3 Na6 10. a3 Nc7 11. 0-0 b6 12. Re1 Ba6 13. Bxa6 Nxa6 14. e5 dxe5 15. Nxe5 Nc7 16. d6 Ne6 17. Nc6 Qd7 18. Ne5 Qd8 19. Bxf6 Bxf6 20. Nd5 Bg7 21. d7 Kh8 22. Nc3 Nd4 23. Qa4 a6 24. Nxf7+ Rxf7 25. Re8+ Rf8 26. Rxd8 Rfxd8 27. Re1 b5 28. Qxa6 Rxa6 29. Re8+ Bf8 30. Rxd8 Ne6 31. Rxf8+ Kg7 32. d8Q Nxd8 33. Rxd8 b4 34. Nb1 Re6 35. Rd1 1-0